000 00340nam a2200133Ia 4500
008 230818s1967 xx 000 0 und d
041 _aeng
100 _aManger
245 _aLanguage E.T. Civilisation Frangaises
260 _bLibrairic Hachette
_c1967
300 _a245p
520 _aGeneral | Hard Board
999 _c853735
_d853735
650 _aLanguage (French)